| 000 | 00719nam a2200253 a 4500 | ||
|---|---|---|---|
| 001 | 45925 | ||
| 003 | BD-RjUL | ||
| 005 | 20211209054102.0 | ||
| 008 | 160728s1968 ii b 001 0 eng | ||
| 035 | _a(BD-RjUL)46043 | ||
| 040 |
_aDLC _cDLC _dDLC _beng |
||
| 041 | _aeng | ||
| 082 | 0 | 0 |
_a341 _bMUN 1968 |
| 100 | 1 |
_aMukherjee, Subimal Kumar. _9140445 |
|
| 245 | 1 | 2 |
_aA new outlook for international law / _cSubimal Kumar Mukherjee |
| 250 | _a2d rev. and enl. ed. | ||
| 260 |
_aCalcutta : _bWorld Press, _c1968 |
||
| 300 |
_axx, 472 p. ; _c23 cm. |
||
| 350 |
_a20.00 _a($6.00) |
||
| 504 | _aBibliography: p. 461-467. | ||
| 650 | 0 |
_aInternational law. _9140446 |
|
| 942 |
_2ddc _cBK |
||
| 999 |
_c45925 _d45925 |
||